|
|
|
|
| LEADER |
01302nam a22002657a 4500 |
| 001 |
36078 |
| 003 |
BD-DhAAL |
| 008 |
211027t2005 bg a|||| |||| 00| 0 ben d |
| 020 |
|
|
|a 9847763585
|
| 040 |
|
|
|a BD-DhAAL
|d BD-DhAAL
|
| 041 |
|
|
|a ben
|
| 082 |
|
|
|a 891.441
|
| 100 |
|
|
|a বণিক, সুবলকুমার.
|9 42271
|
| 245 |
|
|
|a ছড়ায় ছড়ায় শুদ্ধ বানান /
|c সুবলকুমার বণিক.
|
| 246 |
|
|
|a Charaay charaay shuddho banan
|
| 260 |
|
|
|a ঢাকা :
|b ঐতিহ্য,
|c ২০০৫.
|
| 300 |
|
|
|a ১৩৬ পৃষ্ঠা :
|b চিত্র ;
|c ২৫ সে.মি.
|
| 526 |
|
|
|a BIED
|
| 541 |
|
|
|a Complimentary copy from BIED
|e 36078, 36079
|
| 650 |
|
|
|a Bengali poetry.
|9 42272
|
| 852 |
|
|
|a Ayesha Abed Library
|c BIED Collection
|
| 942 |
|
|
|2 ddc
|c BK
|
| 999 |
|
|
|c 43289
|d 43289
|
| 952 |
|
|
|0 0
|1 0
|2 ddc
|4 0
|6 891_441000000000000_BAN
|7 0
|9 69441
|a BRACUL
|b BRACUL
|c GEN
|d 2021-10-27
|e Complimentary copy from BIED
|l 0
|o 891.441 BAN
|p 3010036078
|r 2021-10-27
|t 1
|w 2021-10-27
|y BK
|x Transferred from BIED to General Stacks
|
| 952 |
|
|
|0 0
|1 0
|2 ddc
|4 0
|6 891_441000000000000_BAN
|7 0
|9 69457
|a BRACUL
|b BRACUL
|c GEN
|d 2021-10-31
|e Complimentary copy from BIED
|l 0
|o 891.441 BAN
|p 3010036079
|r 2021-10-31
|t 2
|w 2021-10-31
|y BK
|x Transferred from BIED to General Stacks
|